000 00943nam a2200253Ia 4500
003 OSt
005 20221005112354.0
006 a|||||r|||| 00| 0
007 ta
008 221004b |||||||| |||| 00| 0 pan d
020 _a9382011021 (hbk)
_c300
024 _a6114
037 _b713, 26/06/2013, H.K. Prakashan
_cTextual
040 _aCRL
_cCRL
_bpan
041 _2pan
_apan
082 _aO153,3NSI:g, Q2
100 _aਸੰਧੂ, ਵਰਿਆਮ ਸਿੰਘ, ਥਦ.
245 0 _aਪੰਜਾਬੀ ਵਾਰਤਕ ਦਾ ਉੱਚਾ ਬੁਰਜ ਸਰਵਣ ਸਿੰਘ
260 _aਸਮਾਣਾ
_bਸੰਗਮ ਪਬਲੀਕੇFਨਗ਼ ਭਾਰਤ
_c2012
300 _a301ਪੰ
_ccm.
650 _aਪੰਜਾਬੀ ਸਾਹਿਤ
942 _hO153,3NSI:g, Q2
_cTEXL
_2cc
999 _c1024688
_d1024688